Regional report (Record no. 81515)

MARC details
000 -LEADER
fixed length control field 00896cab a22002055a 4500
001 - CONTROL NUMBER
control field L147369
008 - FIXED-LENGTH DATA ELEMENTS--GENERAL INFORMATION
fixed length control field 090506e20090501xxkad f s 000 0 eng d
035 ## - SYSTEM CONTROL NUMBER
System control number (Sirsi) u147369
041 0# - LANGUAGE CODE
Language code of text/sound track or separate title eng
100 1# - MAIN ENTRY--PERSONAL NAME
Personal name Sandher, Hardeep
245 00 - TITLE STATEMENT
Title Regional report
Remainder of title Yorkshire and north Lincs
260 ## - PUBLICATION, DISTRIBUTION, ETC.
Date of publication, distribution, etc. 2009
490 #0 - SERIES STATEMENT
Series statement Property Week
Volume/sequential designation 75(18) 1 May 2009, 75-93(6)
520 ## - SUMMARY, ETC.
Summary, etc. Reports on news and deals from around the region. Reveals that a mixed-use scheme in Leeds has an uncertain future less than a year after it opened and that Harrogate is attracting wealthy retail property investors. Reports that a bitter dispute has brought a regeneration scheme in Dewsbury to a standstill and jeopardised the fabric of a listed building.
590 ## - LOCAL NOTE (RLIN)
Local note KA
651 #4 - SUBJECT ADDED ENTRY--GEOGRAPHIC NAME
Geographic name Yorkshire
Chronological subdivision 1888-
690 ## - LOCAL SUBJECT ADDED ENTRY--TOPICAL TERM (OCLC, RLIN)
Topical term or geographic name as entry element PROPERTY-COMMERCIAL PROPERTY-COMMERCIAL PROPERTY MARKET
700 1# - ADDED ENTRY--PERSONAL NAME
Personal name Doyle, David
942 ## - ADDED ENTRY ELEMENTS (KOHA)
Suppress in OPAC 0
Holdings
Withdrawn status Lost status Source of classification or shelving scheme Damaged status Not for loan Home library Current library Shelving location Date acquired Total Checkouts Full call number Barcode Date last seen Copy number Price effective from Koha item type
    Dewey Decimal Classification     London London Journal article 06/05/2009   L147369 147369-1001 06/08/2019 1 06/08/2019 Journal article